অবিভক্ত বাংলার পুলিশের ইতিহাস : প্রচীনযুগ থেকে ১৯৪৭ খৃস্টাব্দ / (Record no. 72242)
[ view plain ]
| 000 -LEADER | |
|---|---|
| fixed length control field | 00949nam a2200229 a 4500 |
| 001 - CONTROL NUMBER | |
| control field | 72242 |
| 003 - CONTROL NUMBER IDENTIFIER | |
| rucl marc code | BD-RjUL |
| 005 - DATE AND TIME OF LATEST TRANSACTION | |
| control field | 20211209082231.0 |
| 008 - FIXED-LENGTH DATA ELEMENTS--GENERAL INFORMATION | |
| fixed length control field | 180315s2012 bg ||||| b||| 000 0 ben d |
| 020 ## - INTERNATIONAL STANDARD BOOK NUMBER | |
| International Standard Book Number | 9789842002816 |
| Terms of availability | Tk. 360.00 |
| 035 ## - SYSTEM CONTROL NUMBER | |
| System control number | (BD-RjUL)72459 |
| 040 ## - CATALOGING SOURCE | |
| Original cataloging agency | DLC |
| Language of cataloging | eng |
| Transcribing agency | DI |
| Modifying agency | BD-RjUL |
| 041 ## - LANGUAGE CODE | |
| Language code of text/sound track or separate title | ben |
| 082 04 - DEWEY DECIMAL CLASSIFICATION NUMBER | |
| Classification number | 363.2095403 |
| Author mark and year | ISA |
| Edition number | 23 |
| 245 10 - TITLE STATEMENT | |
| Title | অবিভক্ত বাংলার পুলিশের ইতিহাস : প্রচীনযুগ থেকে ১৯৪৭ খৃস্টাব্দ / |
| Statement of responsibility, etc. | কাবেদুল ইসলাম |
| 260 ## - PUBLICATION, DISTRIBUTION, ETC. (IMPRINT) | |
| Place of publication, distribution, etc. | ঢাকা : |
| Name of publisher, distributor, etc. | অ্যাডন পাব , |
| Date of publication, distribution, etc. | ২০১২ |
| 300 ## - PHYSICAL DESCRIPTION | |
| Pagination | ২১৬ পৃ. ; |
| Size | ২৪ সেমি. |
| 504 ## - BIBLIOGRAPHY, ETC. NOTE | |
| Bibliography, etc | গ্রন্থপঞ্জি সম্বলিত |
| 651 ## - SUBJECT ADDED ENTRY--GEOGRAPHIC NAME | |
| Geographic name | বেঙ্গল |
| Form subdivision | পুলিশ |
| General subdivision | ইতিহাস |
| Chronological subdivision | ১৯৪৭ |
| 9 (RLIN) | 220613 |
| Geographic name | Bengal |
| Form subdivision | Police |
| General subdivision | History |
| Chronological subdivision | 1947 |
| 9 (RLIN) | 220614 |
| 942 ## - ADDED ENTRY ELEMENTS (KOHA) | |
| Source of classification or shelving scheme | Dewey Decimal Classification |
| Koha item type | Books |
| Lost status | Source of classification or shelving scheme | Damaged status | Not for loan | Collection code | Permanent Location | Current Location | Shelving location | Date acquired | Source of acquisition | Cost, normal purchase price | Total Checkouts | Full call number | Date last seen | Copy number | Koha item type | Date checked out |
|---|---|---|---|---|---|---|---|---|---|---|---|---|---|---|---|---|
| Dewey Decimal Classification | Not For Loan | Non-fiction | Central Library, University of Rajshahi | Central Library, University of Rajshahi | Reading Room | 23/03/2017 | Rajshahi Newshome | 360.00 | B 363.2095403 ISA | 15/03/2018 | C-1 | Books | ||||
| Dewey Decimal Classification | Non-fiction | Central Library, University of Rajshahi | Central Library, University of Rajshahi | 23/03/2017 | Rajshahi Newshome | 360.00 | B 363.2095403 ISA | 15/03/2018 | C-2 | Books | ||||||
| Dewey Decimal Classification | Non-fiction | Central Library, University of Rajshahi | Central Library, University of Rajshahi | 23/03/2017 | Rajshahi Newshome | 360.00 | 1 | B 363.2095403 ISA | 18/12/2018 | C-3 | Books | 06/12/2018 |